000 00989nam a2200301Ia 4500
001 Z_2175
003 CHAP
008 220113s1995 xx 000 0 und d
010 _a165231
040 _cCHAP
090 _aTesis V 990
100 _aVillanueva Arvizo, Ana María
_9119486
245 _aEfecto de dos tipos de alimento comercial sobre el comportamiento reproductivo en conejos machos Nueva Zelanda blanco y California /
_cpor Ana María Villanueva Arvizo e Isaías Villegas Palomo
260 _aChapingo, Méx. :
_bEl autor,
_c1995
300 _a75 h.
502 _aTesis (Ing. Agr. Esp. en Zootecnia) -- UACH. Departamento de Zootecnia
650 _aConejos
_xAlimentación
_926353
650 _aConejos
_xGenética
_926367
650 _aConejos
_xRazas
_926377
650 _aConejos
_xReproducción
_926378
700 _aVillegas Palomo, Isaías
_9119766
901 _aTESIS V 990
902 _aM
910 _a1995
942 _c2
942 _c2
999 _c165231
_d165231